Historia de la pedagogía
Uloženo v:
| Hlavní autor: | |
|---|---|
| Médium: | Kniha |
| Jazyk: | španělština |
| Vydáno: |
Buenos Aires
Losada
1944
|
| Vydání: | 2a. ed |
| Edice: | Biblioteca Pedagógica, 4
|
| Témata: | |
| Tagy: |
Přidat tag
Žádné tagy, Buďte první, kdo vytvoří štítek k tomuto záznamu!
|
MARC
| LEADER | 00000nam a2200000 a 4500 | ||
|---|---|---|---|
| 001 | UCZ6484 | ||
| 003 | CL-VaPUC | ||
| 008 | 951211e19440000AG |||||||||||||||||spa|d | ||
| 082 | 0 | 4 | |a 370.09 |b DIL |2 21 |
| 100 | 0 | |a Dilthey, Guillermo |e author |9 350817 | |
| 245 | 1 | 0 | |a Historia de la pedagogía |
| 250 | |a 2a. ed | ||
| 300 | |a 222 p | ||
| 942 | |c BK | ||
| 945 | |d 19951211 00:00:00 |a cmena | ||
| 260 | |a Buenos Aires |b Losada |c 1944 | ||
| 650 | 0 | |a Historia de la educación |9 257642 | |
| 650 | 0 | |a Filosofía de la educación |9 258384 | |
| 583 | |a last modification |c 20170925 04:35:57 |k Rodrigo Vera | ||
| 490 | 0 | |a Biblioteca Pedagógica, 4 | |
| 999 | |c 242683 |d 242681 | ||
| 952 | |0 0 |1 0 |4 0 |6 370_090000000000000_DIL_1944 |7 0 |8 P |9 255794 |a BIBEDU |b BIBEDU |c BIBEDU_PB |d 2019-11-19 |i 1603833 |o 370.09 DIL 1944 |p 1603833 |r 2024-01-25 |w 2019-11-19 |y BK |k EDU | ||
| 952 | |0 0 |1 0 |4 0 |6 370_090000000000000_DIL_1944 |7 0 |8 P |9 255795 |a BIBEDU |b BIBEDU |c BIBEDU_PB |d 2019-11-19 |i 1603930 |o 370.09 DIL 1944 |p 1603930 |r 2024-01-25 |w 2019-11-19 |y BK |k EDU | ||
| 952 | |0 0 |1 0 |4 0 |6 370_090000000000000_DIL_1944 |7 0 |8 P |9 255796 |a BIBEDU |b BIBEDU |c BIBEDU_PB |d 2019-11-19 |i 1629298 |o 370.09 DIL 1944 |p 1629298 |r 2024-01-25 |w 2019-11-19 |y BK |k EDU | ||